| 000 | 00470aam a2200181 4500 | ||
|---|---|---|---|
| 005 | 20231030142714.0 | ||
| 008 | 150529b xxu||||| |||| 00| 0 spa d | ||
| 041 | _aESP | ||
| 082 | _a823.914 R884h | ||
| 100 |
_aRowling, J. K. _920530 |
||
| 245 | _aHarry Potter y el misterio del príncipe | ||
| 260 |
_aEspaña _bSalamandra _c2005 |
||
| 300 | _a602 páginas | ||
| 440 | _aHarry Potter | ||
| 650 | _aLITERATURA INGLESA | ||
| 650 | _aNOVELA | ||
| 942 |
_cLIT _2ddc |
||
| 999 |
_c2397 _d2397 |
||